000 01632nam a22002657a 4500
003 UA-OsUOA
001 132405
007 ta
008 20180724b un ||||| |||| 00| 0 ukr d
942 _cMGN
040 _aUA-OsUOA
_beng
_cUA-OsUOA
_dUA-OsUOA
245 _aAcademic Journal of Business, Administration, Law and Social Sciences
955 _a1
041 _aeng
022 _a2410-8693
856 4 0 _uhttp://iipccl.org/?page_id=5198
520 3 _aAcademic Journal of Business, Administration, Law and Social Sciences is an international peer-reviewed journal in English published three times a year (March, July, November) by International Institute for Private, Commercial and Competition law. AJB
520 3 _aALS is interested in promoting the exchange of idea, and to bring together researchers and academics from all over the countries. In this sense, we welcome papers not only in the above cited fields, but also in other fields of scientific research. Aim
520 3 _aing at scientific excellence and quality, this journal will promote the best inputs in scientific- and academic research, on the prospective of local, international, global developments in business, economics, law, social-, but also natural sciences. A
520 3 _all manuscripts will be double blind peer reviewed by the members of the editorial board who are noted experts in the appropriate subject area. We are glad to announce that AJBALS, is part of DOAJ, EBSCO, World Wide Science and more than 100 Databases s
520 3 _aince 2015 and is projected for indexing in SCOPUS.
260 _c2017
246 3 1 _a1
_n
650 7 _2UDC
999 _c420962
_d420962